| 000 | 00535nam a22001817a 4500 | ||
|---|---|---|---|
| 003 | OSt | ||
| 005 | 20260422053202.0 | ||
| 008 | 260422b |||||||| |||| 00| 0 eng d | ||
| 020 | _a 0-471-24739-1 | ||
| 040 |
_aDWC-Admin lib _cOC |
||
| 082 | _aCirc. 300.92 D84a 1994 | ||
| 100 | _aDrucker, Peter F. | ||
| 245 |
_a Adventures of a bystander / _cPeter F. Drucker |
||
| 260 |
_a New york: _bjohn wiley & sons, inc. ; _cc. 1994. |
||
| 300 |
_aviii, 344 p. ; _c22 cm. |
||
| 504 | _ainclude index | ||
| 942 |
_2ddc _cBK-CIRC _hCirc. _n0 |
||
| 999 |
_c9682 _d9682 |
||